[Event "AUTO-ADV-4937"]
[Site "http://www.queenalice.com/game.php?id=1873694"]
[Date "2026.5.21"]
[Round "1"]
[White "Daniel1962"]
[Black "mvson33"]
[Result "1-0"]
[WhiteElo "1796"]
[BlackElo "1873"]

1. d4 Nf6 2. Nc3 d5 3. Bf4 a6 4. g3 e6 5. Bg2 Be7 6. Nf3 O-O 7. Ng5 Nc6 8. a3
Bd7 9. e4 dxe4 10. Ncxe4 h6 11. Nxf6+ Bxf6 12. Ne4 Be7 13. Nc5 Rb8 14. Nxd7 Qxd7
15. Bxc6 Qxc6 16. f3 Bd6 17. Bxd6 Qxd6 18. c3 Rfd8 19. O-O Rd7 20. b4 Rbd8 21.
f4 Qd5 22. a4 Qc4 23. Qc1 Qd5 24. f5 exf5 25. Rf4 Re8 26. a5 Re2 27. Qf1 Rde7
28. Rxf5 Qc4 29. Rc1 Qd3 30. Rf3 Qc4 31. Rf2 Qe6 32. Rxe2 Qxe2 33. Qxe2 Rxe2 34.
c4 Re4 35. d5 Kf8 36. b5 axb5 37. cxb5 Rd4 38. Rxc7 Rxd5 39. Rxb7 g6 40. a6 Kg7
41. a7 Rd1+ 42. Kg2 Ra1 43. b6 h5 44. Rb8 1-0

[Event "AUTO-ADV-4937"]
[Site "http://www.queenalice.com/game.php?id=1873707"]
[Date "2026.5.21"]
[Round "1"]
[White "bdpq"]
[Black "mvson33"]
[Result "1-0"]
[WhiteElo "1619"]
[BlackElo "1918"]

1. e4 c5 2. d4 cxd4 3. Qxd4 Nc6 4. Qd1 d6 5. Bf4 Nf6 6. Bg5 g6 7. Bxf6 exf6 8.
Bb5 Bd7 9. Nf3 Bg7 10. Nc3 O-O 11. O-O Rc8 12. Qxd6 Re8 13. Qd3 Be6 14. Qe3 Qc7
15. Ba4 a6 16. Nd4 Bd7 17. Nxc6 Bxc6 18. Bxc6 Qxc6 19. Rfd1 f5 20. Rd5 Bxc3 21.
bxc3 Qxc3 22. Qxc3 Rxc3 23. exf5 Rxc2 24. fxg6 Rce2 25. gxf7+ Kxf7 26. Rd7+ Kf8
27. g3 R2e7 28. Rd4 Re1+ 29. Rxe1 Rxe1+ 30. Kg2 Re2 31. a4 Rb2 32. h4 b5 33.
axb5 axb5 34. h5 Rb1 35. Kh3 b4 36. Kg4 b3 37. f4 b2 38. Rb4 Kg7 39. Kf5 h6 40.
Rb7+ Kf8 41. Kf6 Ke8 42. g4 Kd8 43. Kg6 Rf1 44. Rxb2 Rxf4 45. Rg2 Ke7 46. Kxh6
Rf8 47. Re2+ Kd7 48. Kg7 Rf4 49. g5 Rf5 50. Rg2 Ke7 51. h6 Rf7+ 52. Kg6 Rf8 53.
h7 Ra8 54. Rf2 1-0

[Event "AUTO-ADV-4938"]
[Site "http://www.queenalice.com/game.php?id=1874171"]
[Date "2026.5.30"]
[Round "1"]
[White "mvson33"]
[Black "shmurtz91"]
[Result "0-1"]
[WhiteElo "1887"]
[BlackElo "1925"]

1. e4 c5 2. Nf3 e6 3. Be2 d5 4. exd5 exd5 5. d3 Be7 6. O-O Nc6 7. Nc3 d4 8. Ne4
Bf5 9. Bg5 h6 10. Bh4 Bxh4 11. Nxc5 b6 12. Nb3 Bf6 13. Re1 Nge7 14. Bf1 O-O 15.
Qe2 Re8 16. Qd1 Rc8 17. Qd2 Nb4 18. Qxb4 Rxc2 19. Nbxd4 Bg4 20. Nxc2 Bxf3 21.
Ne3 Bb7 22. Rac1 Nc6 23. Qb3 Ne5 24. Nc4 Ng6 25. Rxe8+ Qxe8 26. Nd6 Qd7 27. Nxb7
Qxb7 28. Rc2 Qe7 29. Qc4 Be5 30. Re2 Qg5 31. h3 Nf4 32. Qc8+ Kh7 33. Rc2 Bd6 34.
Qg4 Qe5 35. Qf3 Ne2+ 0-1